000 00546nam a2200193Ia 4500
005 20230927100938.0
008 131103s9999 xx 000 0 und d
040 _aLoreto College
041 _aEnglish
082 _a294
_bASR
100 _aAsram, Sibananda
245 _aSriramkrishna Sahasra Nama Stotram
_cSibananda Asram;m edited by Ananda Jha...[et. al.]
260 _aBaranashi
_bThe Yoroka Printing Workers
_c1978
300 _a116p.
650 _aReligion - Hindu
700 _aJha, Ananda; ed.
850 _aLCLIB
942 _cBK
999 _c23261
_d73740